|
|
|
|
| LEADER |
00000cam a2200000 c 4500 |
| 001 |
13749940X |
| 003 |
DE-627 |
| 005 |
20250728221601.0 |
| 007 |
tu |
| 008 |
940302s1850 ii ||||| 00| ||san c |
| 035 |
|
|
|a (DE-627)13749940X
|
| 035 |
|
|
|a (DE-576)9137499408
|
| 035 |
|
|
|a (DE-599)GBV13749940X
|
| 035 |
|
|
|a (OCoLC)181971234
|
| 040 |
|
|
|a DE-627
|b ger
|c DE-627
|e rakwb
|
| 041 |
|
|
|a san
|a eng
|
| 044 |
|
|
|c XB-IN
|
| 084 |
|
|
|a 0
|2 ssgn
|
| 084 |
|
|
|a 08.10
|2 bkl
|
| 084 |
|
|
|a 18.67
|2 bkl
|
| 084 |
|
|
|a 17.84
|2 bkl
|
| 084 |
|
|
|a 11.92
|2 bkl
|
| 100 |
0 |
|
|0 (DE-588)119244233
|0 (DE-627)080046274
|0 (DE-576)211743704
|4 aut
|a Kapila
|d 550 v. Chr.
|
| 240 |
1 |
0 |
|a Tattvasamāsa <Sanskrit, engl.>
|
| 245 |
1 |
2 |
|a A lecture on the Sańkhya philosophy, embracing the text of the Tattwa Samása
|c James Robert Ballantyne [Hrsg.]
|
| 264 |
|
1 |
|a Mirzapore
|b Orphan School Press
|c 1850
|
| 300 |
|
|
|a 65 S
|
| 336 |
|
|
|a Text
|b txt
|2 rdacontent
|
| 337 |
|
|
|a ohne Hilfsmittel zu benutzen
|b n
|2 rdamedia
|
| 338 |
|
|
|a Band
|b nc
|2 rdacarrier
|
| 689 |
0 |
0 |
|d s
|0 (DE-588)4317706-2
|0 (DE-627)126928223
|0 (DE-576)211195537
|2 gnd
|a Sāṃkhya
|
| 689 |
0 |
|
|5 DE-101
|
| 700 |
1 |
|
|0 (DE-588)11756172X
|0 (DE-627)135642957
|0 (DE-576)164133755
|4 oth
|a Ballantyne, James Robert
|d 1813-1864
|
| 700 |
0 |
2 |
|a Kapila
|t Tattvasamāsa <Sanskrit, engl.>
|
| 935 |
|
|
|a FRST
|a mteo
|
| 936 |
b |
k |
|a 08.10
|j Nichtwestliche Philosophie: Allgemeines
|0 (DE-627)106415247
|
| 936 |
b |
k |
|a 18.67
|j Sanskrit: Sprache und Literatur
|0 (DE-627)106423142
|
| 936 |
b |
k |
|a 17.84
|j Sonstige literarische Gattungen
|0 (DE-627)181571692
|
| 936 |
b |
k |
|a 11.92
|j Hinduismus
|q ARK
|0 (DE-627)106403966
|
| 951 |
|
|
|a BO
|
| ELC |
|
|
|b 1
|
| LOK |
|
|
|0 000 xxxxxcx a22 zn 4500
|
| LOK |
|
|
|0 001 4288719895
|
| LOK |
|
|
|0 003 DE-627
|
| LOK |
|
|
|0 004 13749940X
|
| LOK |
|
|
|0 005 20240917123417
|
| LOK |
|
|
|0 008 230313||||||||||||||||ger|||||||
|
| LOK |
|
|
|0 040
|a DE-Tue135
|c DE-627
|d DE-Tue135
|
| LOK |
|
|
|0 092
|o n
|
| LOK |
|
|
|0 852
|a DE-Tue135
|
| LOK |
|
|
|0 852 1
|9 00
|
| LOK |
|
|
|0 866
|x SPQUE#Bibliothek der Franckeschen Stiftungen#SPSAM#Bibliothek des Leipziger Missionswerkes#SPUSM#Indienbibliothek mit den Tamildrucken#SPSYS#tami_systematik_D
|
| LOK |
|
|
|0 935
|a FRST
|a lemw
|a tami
|
| LOK |
|
|
|0 939
|a 13-03-23
|b l01
|
| ORI |
|
|
|a SA-MARC-ixtheoa001.raw
|
| REL |
|
|
|a 1
|
| STA |
0 |
0 |
|a Sankhya
|
| STB |
0 |
0 |
|a Sâmkhya,Sāṃkhya,Sāṃkhya
|
| STC |
0 |
0 |
|a Sankhya
|
| STD |
0 |
0 |
|a Sāṃkhya
|
| STE |
0 |
0 |
|a 数论
|
| STF |
0 |
0 |
|a 數論
|
| STG |
0 |
0 |
|a Samkhya
|
| STH |
0 |
0 |
|a Санкхья
|
| STI |
0 |
0 |
|a Σάμκια,Sankhya,Samkhya,Sāṃkhya,Σάνκια
|
| SUB |
|
|
|a REL
|
| SYG |
0 |
0 |
|a Samkhja,Sāṅkhya
|